000 00728nam a2200193 i 4500
001 40957
003 ES-MaACL
005 20250805062423.0
007 t|
008 030307s1908 sp ||||1| spa d
100 0 _aCarlos
_bI,
_cRey de España
_935296
245 1 0 _aInstrucciones y consejos del Emperador de Alemania a su hijo Felipe II al salir de España en 1543 /
_cpublicalos Francisco de Laiglesia.
260 _aMadrid :
_b[s.n.],
_c1908 (
_fImp. del Asilo de Huérfanos del S. C. de Jesús)
300 _a72 p. ;
_c24 cm.
651 4 _aEspaña-
_xHistoria-
_y1516-1556, Carlos I.
_98224
700 1 _aLaiglesia, Francisco de (
_d1850-1922)
_969670
852 _aES-MaACL
_jT-1160-F-4
999 _c40957
_d40957